000 00557nam a22001817a 4500
008 220930b |||||||| |||| 00| 0 eng d
020 _a1433569821
050 _aBV15
_b.M47 2021
100 _aMerker, Matt
245 _aCorporate worship:
_bHow the church gathers as God's people/
_cMatt Mrker; foreword by Ligon Duncan
260 _aWheaton, Illinois
_bCrossway
_c2021
300 _a170p.
440 _a9marks building healthy churches
650 _aPublic worship
650 _aReligious gatherings
650 _aChurch attendance
942 _2lcc
_cBK
999 _c19608
_d19607